Los partidos políticos

Guardat en:
Dades bibliogràfiques
Autor principal: Offerlé, Michel (autor)
Format: Llibre
Idioma:espanyol
Publicat: Santiago LOM 2004
Edició:1a. ed
Col·lecció:Serie Universitaria
Matèries:
Etiquetes: Afegir etiqueta
Sense etiquetes, Sigues el primer a etiquetar aquest registre!

MARC

LEADER 00000nam a2200000 a 4500
001 UCK3519
003 CL-VaPUC
008 050429e20040000CL |||||||||||||||||spa|d
020 |a 9562826430 
082 0 4 |a 324.2  |b OFF  |2 21 
100 |a Offerlé, Michel  |e autor  |9 491583 
245 1 4 |a Los partidos políticos 
250 |a 1a. ed 
300 |a 142 p 
942 |c BK 
945 |d 20050429 00:00:00  |a cmena 
260 |a Santiago  |b LOM  |c 2004 
650 0 |a Partidos políticos  |9 254999 
650 0 |a Ciencias Políticas  |9 255201 
650 7 |a FILOSOFIA POLITICA  |2 CL-VaPUC  |9 491584 
583 |a last modification  |c 20050429 00:00:00  |k Rodrigo Vera 
490 0 |a Serie Universitaria 
999 |c 312655  |d 312653 
952 |0 0  |1 0  |4 0  |6 324_200000000000000_OFF_2004  |7 0  |8 A  |9 383267  |a BIBHIS  |b BIBHIS  |d 2019-11-21  |i 4145100  |o 324.2 OFF 2004  |p 4145100  |r 2025-01-20  |w 2019-11-21  |y BK  |k HIS 
952 |0 0  |1 0  |4 0  |6 324_200000000000000_OFF_2004  |7 0  |8 A  |9 383268  |a BIBHIS  |b BIBHIS  |d 2019-11-21  |i 4225724  |o 324.2 OFF 2004  |p 4225724  |r 2025-01-20  |w 2019-11-21  |y BK  |k HIS 
952 |0 0  |1 0  |4 0  |6 324_200000000000000_OFF_2004  |7 0  |8 A  |9 383269  |a BIBHIS  |b BIBHIS  |d 2019-11-21  |i 4230809  |o 324.2 OFF 2004  |p 4230809  |r 2025-01-20  |w 2019-11-21  |y BK  |k HIS 
952 |0 0  |1 0  |4 0  |6 324_200000000000000_OFF_2004  |7 0  |8 A  |9 383270  |a BIBHIS  |b BIBHIS  |d 2019-11-21  |i 4230817  |o 324.2 OFF 2004  |p 4230817  |r 2025-01-20  |w 2019-11-21  |y BK  |k HIS